It looks like you're offline.
Open Library logo
additional options menu

MARC record from Internet Archive

LEADER: 01931cam 2200409Ia 4500
001 ocm55695650
003 OCoLC
005 20211011063525.0
008 040622s2004 ilu b 001 0 eng
010 $a 2002008184
040 $aOEM$beng$cOEM$dBAKER$dOCLCG$dYDXCP$dZID$dBDX$dPKFCC$dOCLCQ$dOCLCO$dOCLCF
020 $a1581346220
020 $a9781581346220
035 $a(OCoLC)55695650
050 00 $aBS480$b.M27 2002
082 00 $a220.1$221
100 1 $aMacDonald, James,$d1960-
245 10 $aGod wrote a book /$cJames MacDonald.
250 $aRev. ed.
260 $aWheaton, Ill. :$bCrossway Books,$c©2004.
300 $a127 pages ;$c21 cm
336 $atext$btxt$2rdacontent
337 $aunmediated$bn$2rdamedia
338 $avolume$bnc$2rdacarrier
504 $aIncludes bibliographical references and index.
505 0 $aEvidence for the Bible you shouldn't ignore -- Where did the Bible come from? -- What is the Bible good for? -- How to benefit from the Bible -- Jesus, the message of the Bible.
520 $aPastor James MacDonald doesn't waste your time with theoretical answers or bother with hard-sell religiosity. He provides a personalized, accurate response to your real questions, sharing with you in a straightforward way what the Bible is and what it can do for you. This book on the Good Book clarifies where the Bible came from and why you can trust what it says--all so that you can begin to live out its truths.
630 00 $aBible$xEvidences, authority, etc.
630 07 $aBible.$2fast$0(OCoLC)fst01356024
650 7 $aAuthority$xReligious aspects.$2fast$0(OCoLC)fst00821658
938 $aBaker & Taylor$bBKTY$c11.99$d8.99$i1581346220$n0004460984$sactive
938 $aYBP Library Services$bYANK$n3853895
938 $aBrodart$bBROD$n02283107$c$11.99
029 1 $aNZ1$b11096314
029 1 $aAU@$b000043139184
994 $aZ0$bP4A
948 $hNO HOLDINGS IN P4A - 27 OTHER HOLDINGS